000 00694nam a2200217 a 4500
999 _c8264
_d8264
001 8264
003 BD-JhCC
005 20180220114413.0
008 180127s1992 bg a|||| || | 000 0 ben d
035 _a(BD-JhCC)8264
040 _aBD-JhCC
_dBD-JhCC
041 _aben
082 _a796.332
_bSWA 1992
100 _aস্বপন, সেয়দ মাজহারুল পারভেজ
245 _aফুটবলের আইন /
_cসৈয়দ মাজহারুল পারভেজ স্বপন
260 _aঢাকা :
_bঅবধূত বইঘর,
_c1992.
300 _a64 p. :
_c20 cm.
650 _aFootball
942 _2ddc
_cBK